Detalles MARC
| 000 -LEADER |
| fixed length control field |
01163nas a2200313Ia 4500 |
| 003 - CONTROL NUMBER IDENTIFIER |
| control field |
PE SENCICO BE |
| 005 - DATE AND TIME OF LATEST TRANSACTION |
| control field |
20251020182631.0 |
| 008 - FIXED-LENGTH DATA ELEMENTS--GENERAL INFORMATION |
| fixed length control field |
230227c99999999xx |||||||||||| ||spa|| |
| 022 ## - INTERNATIONAL STANDARD SERIAL NUMBER |
| International Standard Serial Number |
0214-1256 |
| 040 ## - CATALOGING SOURCE |
| Original cataloging agency |
PE SENCICO BE |
| Transcribing agency |
PE SENCICO BE |
| 041 ## - LANGUAGE CODE |
| Language code of text/sound track or separate title |
spa |
| 110 1# - MAIN ENTRY--CORPORATE NAME |
| Corporate name or jurisdiction name as entry element |
España. |
| 9 (RLIN) |
2374 |
| Subordinate unit |
Ministerio de Cultura |
| 245 10 - TITLE STATEMENT |
| Title |
Arquitectura viva / |
| Statement of responsibility, etc. |
Ministerio de Cultura |
| 260 ## - PUBLICATION, DISTRIBUTION, ETC. |
| Place of publication, distribution, etc. |
Madrid: |
| Name of publisher, distributor, etc. |
Ministerio de Cultura ; |
| Date of publication, distribution, etc. |
2011 - |
| 300 ## - PHYSICAL DESCRIPTION |
| Extent |
v. |
| Other physical details |
il. col. ; |
| Dimensions |
30 cm. |
| 500 ## - GENERAL NOTE |
| General note |
Descripción basada en: N° 206 (2018) |
| 500 ## - GENERAL NOTE |
| General note |
Texto en idioma inglés y español. |
| 650 10 - SUBJECT ADDED ENTRY--TOPICAL TERM |
| Topical term or geographic name entry element |
Construcciones de madera |
| 9 (RLIN) |
327 |
| 650 20 - SUBJECT ADDED ENTRY--TOPICAL TERM |
| Topical term or geographic name entry element |
Construcciones de bambú |
| 9 (RLIN) |
339 |
| 650 20 - SUBJECT ADDED ENTRY--TOPICAL TERM |
| Topical term or geographic name entry element |
Arquitectura de viviendas |
| 9 (RLIN) |
370 |
| 650 20 - SUBJECT ADDED ENTRY--TOPICAL TERM |
| Topical term or geographic name entry element |
Arquitectura urbana |
| 9 (RLIN) |
570 |
| 650 20 - SUBJECT ADDED ENTRY--TOPICAL TERM |
| Topical term or geographic name entry element |
Arquitectura moderna |
| 9 (RLIN) |
191 |
| 650 20 - SUBJECT ADDED ENTRY--TOPICAL TERM |
| Topical term or geographic name entry element |
Arquitectura paisajista |
| 9 (RLIN) |
1409 |
| 650 20 - SUBJECT ADDED ENTRY--TOPICAL TERM |
| Topical term or geographic name entry element |
Iluminación arquitectónica |
| 9 (RLIN) |
140 |
| 650 20 - SUBJECT ADDED ENTRY--TOPICAL TERM |
| Topical term or geographic name entry element |
Arquitectura ecológica |
| 9 (RLIN) |
806 |
| 866 ## - TEXTUAL HOLDINGS--BASIC BIBLIOGRAPHIC UNIT |
| Existencias |
2011 6(134,135,136,137,138,139) |
| -- |
2013 11(148,149,150,151,152,153,154,155,156,157,158) |
| -- |
2014 9(2159,2160,2161,2162,2163,2164,2165,2166,167) |
| -- |
2018 : No. 206 |
| 910 ## - USER-OPTION DATA (OCLC) |
| User-option data |
hfp |
| -- |
hfp |
| -- |
hfp |
| 942 ## - ADDED ENTRY ELEMENTS (KOHA) |
| Koha item type |
Revista |
| Source of classification or shelving scheme |
Dewey Decimal Classification |